[Event "ROM-chT Blitz"]
[Site "Sebes"]
[Date "2022.12.04"]
[Round "8.31"]
[White "Chiheri, Alexandru Virgil"]
[Black "Topircean, Ioan"]
[Result "1-0"]
[WhiteElo "1937"]
[BlackElo "1290"]
[PlyCount "37"]
[EventDate "2022.12.04"]
[EventType "team-swiss (blitz)"]
[EventRounds "8"]
[EventCountry "ROU"]
[SourceTitle "CBM 211 Extra"]
[Source "ChessBase"]
[SourceDate "2023.01.31"]
[SourceVersion "1"]
[SourceVersionDate "2023.01.31"]
[SourceQuality "1"]
[WhiteTeam "Targu Mures Juvenes"]
[BlackTeam "Cugir CSO II"]
[WhiteTeamCountry "ROU"]
[BlackTeamCountry "ROU"]

1. e4 e5 2. Nf3 Nf6 3. Nxe5 Qe7 4. d4 Nxe4 5. Bd3 Nf6 6. 0-0 d6 7. Nf3 Be6 8. c4 c6 9. Nc3 d5 10. Re1 Qc7 11. Ng5 Ng4 12. Qxg4 h5 13. Nxe6 Qd6 14. Nxg7+ Kd8 15. Re8+ Kc7 16. Qc8+ Kb6 17. c5+ Qxc5 18. dxc5+ Bxc5 19. Rxh8 1-0

[Event "ROM-ch"]
[Site "Iasi"]
[Date "2021.04.20"]
[Round "3"]
[White "Chiheri, Alexandru Virgil"]
[Black "Tocan, Cristian"]
[Result "0-1"]
[WhiteElo "1921"]
[BlackElo "2236"]
[PlyCount "74"]
[EventDate "2021.04.19"]
[EventType "swiss"]
[EventRounds "9"]
[EventCountry "ROU"]
[SourceTitle "CBM 202 Extra"]
[Source "ChessBase"]
[SourceDate "2021.07.31"]
[SourceVersion "1"]
[SourceVersionDate "2021.07.31"]
[SourceQuality "1"]

1. e4 c5 2. Nf3 Nf6 3. Nc3 d5 4. exd5 Nxd5 5. Bc4 e6 6. Qe2 Be7 7. 0-0 Nc6 8. Re1 0-0 9. a3 a6 10. Ne4 b5 11. Ba2 Bb7 12. d3 Nd4 13. Qd1 Rc8 14. c3 Nf5 15. Qe2 Re8 16. Bd2 Nb6 17. Neg5 Bd5 18. c4 bxc4 19. dxc4 Bxf3 20. Nxf3 Bf6 21. Rad1 Qe7 22. Bb1 Nd4 23. Nxd4 Bxd4 24. Ba5 Qb7 25. Be4 Qb8 26. b4 Na4 27. Bxh7+ Kxh7 28. Qc2+ g6 29. Qxa4 Kg7 30. bxc5 Qf4 31. Rxd4 Qxd4 32. c6 Rh8 33. c7 Rh4 34. Rc1 Qd6 35. g3 Rh5 36. Rd1 Rxa5 37. Qc2 Qxc7 0-1

[Event "Targu Mures op"]
[Site "Targu Mures"]
[Date "2019.10.20"]
[Round "6"]
[White "Filip, Andrei"]
[Black "Chiheri, Alexandru Virgil"]
[Result "1-0"]
[WhiteElo "2047"]
[BlackElo "1871"]
[PlyCount "103"]
[EventDate "2019.10.17"]
[EventType "swiss"]
[EventRounds "7"]
[EventCountry "ROU"]
[SourceTitle "CBM 192 Extra"]
[Source "Chessbase"]
[SourceDate "2019.11.06"]
[SourceVersion "1"]
[SourceVersionDate "2019.11.06"]
[SourceQuality "1"]

1. e4 c5 2. Nf3 d6 3. d4 cxd4 4. Nxd4 Nf6 5. Nc3 a6 6. Be2 e6 7. 0-0 Nbd7 8. f4 Qc7 9. Qe1 b5 10. Bf3 Bb7 11. Kh1 b4 12. e5 bxc3 13. exf6 Nxf6 14. Bxb7 Qxb7 15. Qxc3 Be7 16. Qc6+ Qxc6 17. Nxc6 Bf8 18. Be3 Kd7 19. Nd4 Be7 20. c4 Rhc8 21. Rfc1 d5 22. Nf3 Bc5 23. Bxc5 Rxc5 24. b4 Rc7 25. c5 Ne4 26. Ne5+ Ke7 27. Nd3 Nd2 28. Rc2 Nc4 29. a4 f6 30. Re1 Rb8 31. Rce2 Rc6 32. b5 axb5 33. Nb4 Rxc5 34. Na6 Rbc8 35. Rxe6+ Kf7 36. Nxc5 Rxc5 37. f5 Ne5 38. a5 d4 39. a6 d3 40. a7 d2 41. Rg1 Rc1 42. Rd6 Rc8 43. Rb6 Nd7 44. Rxb5 Ra8 45. Rb7 Ke7 46. Rd1 Rc8 47. h3 Rc1 48. Rb1 Rxb1 49. Rxb1 Nb6 50. Rd1 Kd6 51. Rxd2+ Kc7 52. Rb2 1-0

[Event "Satu Mare Ferroli op"]
[Site "Satu Mare"]
[Date "2018.11.01"]
[Round "4"]
[White "Chiheri, Alexandru Virgil"]
[Black "Marjanovics, Gyorgy"]
[Result "1-0"]
[WhiteElo "1854"]
[BlackElo "2004"]
[PlyCount "103"]
[EventDate "2018.10.30"]
[EventType "swiss"]
[EventRounds "9"]
[EventCountry "ROU"]
[SourceTitle "CBM 187 Extra"]
[Source "ChessBase"]
[SourceDate "2018.11.04"]
[SourceVersion "1"]
[SourceVersionDate "2018.11.04"]
[SourceQuality "1"]

1. e4 c5 2. Nf3 d6 3. d4 cxd4 4. Nxd4 Nf6 5. Nc3 a6 6. f3 e5 7. Nb3 Be6 8. Be3 Be7 9. Qd2 0-0 10. 0-0-0 a5 11. a4 Na6 12. g4 Nb4 13. g5 Nh5 14. Bb5 Rc8 15. h4 Qc7 16. Kb1 Rfd8 17. Qf2 Qb8 18. Bb6 Rf8 19. Bxa5 Na6 20. Rhe1 Nc7 21. Bf1 Nf4 22. Bb4 Na6 23. Ba3 Rxc3 24. bxc3 Rc8 25. Qd2 Rd8 26. Qe3 Qc7 27. Rd2 Nb8 28. Red1 Nc6 29. Bb5 b6 30. Kb2 Na5 31. Nxa5 bxa5 32. c4 g6 33. Qc3 Kg7 34. Ka1 Bf8 35. Qb2 Kg8 36. c5 d5 37. c6 d4 38. Bxf8 Rxf8 39. Qa3 Bc8 40. c3 Ne6 41. cxd4 Nxd4 42. Rxd4 exd4 43. Qc5 Qg3 44. Rxd4 Be6 45. c7 Qg1+ 46. Kb2 Qf2+ 47. Kc3 Qe3+ 48. Kb2 Qf2+ 49. Kc1 Qg1+ 50. Kd2 Qh2+ 51. Be2 Qg1 52. Rd5 1-0